00762nai a2200181Ia 4500003000900000008004100009022002200050022002300072040001600095245008700111260008600198310001900284362002900303521006900332650004500401650004600446856008800492IN-BaIIA211028c9999 xx s 000 0 eng d a0148-6411 (Print) a1558-3082 (Online) cIIA Library 0aIEEE Transactions on Components, Hybrids, and Manufacturing Technologyh[eJournal] aNew York, USAbThe Institute of Electrical and Electronics Engineers, Inc. (IEEE) aSemi-Quarterly a1(1); 1978 - 16(8); 1993 bSubscribed through National Knowledge Resource Consortium (NKRC) a Power, Energy and Industry Applications aComponents, Circuits, Devices and Systems uhttps://ieeexplore.ieee.org/servlet/opac?punumber=33yClick Here to Access eJournal